| 000 | 00599nam a2200253Ia 4500 | ||
|---|---|---|---|
| 003 | GCL | ||
| 008 | 140319s9999 xx 000 0 eng d | ||
| 040 |
_aGCL / _cGCL |
||
| 082 | 0 | 4 |
_a910.202 _bT S |
| 100 | 1 | _aTAHER, AYMAN | |
| 245 | 1 | 0 |
_aSINAI: GUIDE TO THE PENINSULA AND THE RED SEA / _cTAHER, AYMAN |
| 260 |
_a[S.N] : _bE.T ZAFERIS S.A ، _c1992 |
||
| 300 | _a145 P | ||
| 650 | 0 | 4 | _aSHARM EL SHEIKH |
| 650 | 0 | 4 | _aNOUEBA |
| 650 | 0 | 4 | _aEGYPT |
| 650 | 0 | 4 | _aSINAI |
| 650 | 0 | 4 | _aTRAVELS |
| 650 | 0 | 4 | _aCATHERIN |
| 650 | 0 | 4 | _aSUEZ |
| 650 | 0 | 4 | _aDAHAB |
| 650 | 0 | 4 | _aTABA |
| 942 |
_2ddc _cBK |
||
| 999 |
_c14416 _d14416 |
||